00739nam a2200205Ia 450000100060000000800410000602000220004704100080006908200150007710000280009224501970012026000290031730000210034649000250036765000340039265000150042665000510044170000220049299900190051413228250715b |||||||| |||| 00| 0 spa d a978-84-344-1310-8 aspa a658.40 P94 aPérez, Rafael Alberto aHacia una teoría general de la estrategia: bEl cambio de paradigma en el comportamiento humano, la sociedad y las instituciones / cpor Rafael Alberto Pérez [González] y Sandra Massoni aBarcelona: bAriel, 2009 a557 p. : cuadros aAriel Comunicación aPlanificación estratégica aEstrategia aPlanificación estratégica-administración aI.Massoni, Sandra c233017d233017